00323nam a2200109Ia 45000010005000000080041000050200028000460820020000741000032000942450061001262600026001872466241024s9999 xx 000 0 und d a978-9945-457-42-1 (t.d) aRD/972.93/P419h aManuel Arturo Peña Batlle 0aHistoria de la cuestión fronteriza domínico-haitiana bAmigo del Hogarc2012